The art of Prolog : advanced programming techniques /
Guardado en:
| Autor Principal: | |
|---|---|
| Otros Autores: | |
| Formato: | Libro |
| Idioma: | English |
| Publicado: |
Cambridge, Mass. :
MIT Press,
c1986.
|
| Series: | MIT Press series in logic programming
|
| Materias: | |
| Etiquetas: |
Agregar Etiqueta
Sin Etiquetas, Sea el primero en etiquetar este registro!
|
| LEADER | 00849cam a2200253 a 4500 | ||
|---|---|---|---|
| 001 | MAT.inmabb006035 | ||
| 008 | 860513s1986####maua#####b####001#0#eng## | ||
| 005 | 20130404092804.0 | ||
| 245 | 1 | 4 | |a The art of Prolog : |b advanced programming techniques / |c Leon Sterling, Ehud Shapiro. |
| 260 | |a Cambridge, Mass. : |b MIT Press, |c c1986. | ||
| 300 | |a xxviii, 437 p. : |b il. ; |c 24 cm. | ||
| 440 | 0 | |a MIT Press series in logic programming | |
| 504 | |a Bibliografía: p. [407]-414. | ||
| 500 | |a Incluye índice. | ||
| 020 | |a 0262192500 | ||
| 020 | |a 0262691051 (pbk.) | ||
| 100 | 1 | |a Sterling, Leon. | |
| 700 | 1 | |a Shapiro, Ehud Y. | |
| 650 | 0 | |a Prolog (Computer program language) | |
| 084 | |a 68N15 |2 msc2000 | ||
| 010 | |a 86010529 | ||
| 040 | |a DLC |c DLC |d DLC | ||
| 859 | |h 68 |i St838 |p A-5961 |b BIB. MATEMATICA | ||
| 859 | |h 68 |i St838 |p A-6481 |t Ej. 2 |b BIB. MATEMATICA | ||
